| 000 | nam a22 7a 4500 | ||
|---|---|---|---|
| 999 |
_c144940 _d144938 |
||
| 005 | 20181008135555.0 | ||
| 008 | 181008b sp ||||| |||| 00| 0 spa d | ||
| 020 | _a8477190836 | ||
| 050 | 0 | 4 |
_aDS675.8.M67 _bM46 1988 |
| 245 | 0 | 0 |
_aMemoria reservada de Don Domingo Moriones sobre el gobierno de Filipinas (1877-1880) / _cEdición y notas de Jesús Paniagua Pérez |
| 260 |
_aEspaña : _bUniversidad de León, _c1988 |
||
| 300 |
_a206 p. ; _c24 cm |
||
| 504 | _aBibliografía | ||
| 651 | 7 |
_2lemb _aFilipinas _xHistoria _y1812-1898 _vFuentes |
|
| 651 | 7 |
_2lemb _aEspaña _xColonias _zAsia _xAdministración _xHistoria _ySiglo XIX _vFuetes |
|
| 700 | 1 | _aPaniagua Pérez, Jesús | |
| 942 |
_2lcc _cLIB |
||